Music Quiz

Random Music Quiz

Mayhem Festival Lineup 2008 Quiz Stats

 Plays Quiz not verified by Sporcle

Challenge
Share
Tweet
Embed
Score 0/13 Timer 02:00
0 Plays Today
Stage Band % Correct
Main StageSlipknot
92.3%
Main StageDisturbed
76.9%
Main StageMastodon
76.9%
Main StageDragonForce
76.9%
Jägermeister StageAirbourne
69.2%
Jägermeister StageWalls of Jericho
69.2%
Jägermeister StageMachine Head
61.5%
Jägermeister StageFive Finger Death Punch
61.5%
Hot Topic StageUnderoath
61.5%
Hot Topic StageBlack Tide
61.5%
Hot Topic StageSuicide Silence
61.5%
Hot Topic Stage36 Crazyfists
61.5%
Hot Topic StageThe Red Chord
61.5%

You're not logged in!

Compare scores with friends on all Sporcle quizzes.
Join for Free
OR
Log In

You Might Also Like...

Show Comments

Extras

Top Quizzes Today


Score Distribution

Your Account Isn't Verified!

In order to create a playlist on Sporcle, you need to verify the email address you used during registration. Go to your Sporcle Settings to finish the process.

Report this User

Report this user for behavior that violates our Community Guidelines.

Details: